00492 2200181 4500001002100000005001700021008004100038020001800079035002500097041000700122082001000129090001600139100002200155245005200177260003100229300002900260650002100289INLIS0000000000040850:yyyyMMddHHmmss180719||||||||| | ||| |||| || |  a979-543-500-0 a0010-031300000004085 aid0 a005.1 a005.1 RIZ t0 aAbdul Razaq Rizky00aTrik Cepat Belajar sendiri Microsoft Windows xp aBandungbYrama Widyac2006 a160 hlm ; 12,5 x 19,5 cm 0aprogram komputer